[Event "Chessemy Open 2022"]
[Site "Reinstorf"]
[Date "2022.01.29"]
[Round "1.14"]
[White "Niemann, Leon"]
[Black "Colbow, Collin"]
[Result "0-1"]
[WhiteElo "1804"]
[BlackElo "2322"]
[Annotator "TA"]
[PlyCount "148"]
[EventDate "2022.01.29"]
[EventType "swiss"]
[EventCountry "GER"]
[SourceTitle "playchess.com"]
[Source "ChessBase"]
[SourceQuality "1"]

1. e4 c5 2. Nf3 e6 3. d4 cxd4 4. Nxd4 Nc6 5. Nc3 Qc7 6. Be2 a6 7. O-O Nf6 8. a3 Nxd4 9. Qxd4 Bc5 10. Qd3 b5 11. Bf3 Rb8 12. g3 d6 13. Bf4 Bb7 14. b4 Bd4 15. Qxd4 e5 16. Qd2 exf4 17. Nd5 Bxd5 18. exd5 fxg3 19. Rfe1+ Kf8 20. hxg3 h5 21. Qf4 Qd7 22. c4 bxc4 23. Rac1 Rc8 24. Rxc4 Rxc4 25. Qxc4 g6 26. Qxa6 Kg7 27. Qd3 h4 28. Bg2 hxg3 29. fxg3 Ra8 30. b5 Qc7 31. Qd4 Rxa3 32. b6 Qd8 33. Rb1 Ra8 34. b7 Rb8 35. Bh3 Qa5 36. Bc8 Qxd5 37. Qxd5 Nxd5 38. Rd1 Ne7 39. Rxd6 Nxc8 40. bxc8=Q Rxc8 41. Kf2 Rc3 42. Ra6 Kh6 43. Rf6 Kg7 44. Ra6 Rc4 45. Kf3 f5 46. Rb6 Kh6 47. Ra6 Rc3+ 48. Kg2 Kh5 49. Ra5 Rb3 50. Rc5 Re3 51. Kf2 Ra3 52. Kg2 Ra6 53. Kf3 Kg5 54. Rb5 Kf6 55. Rc5 g5 56. Rb5 Rc6 57. Ra5 Rb6 58. Kg2 Rb2+ 59. Kg1 Rd2 60. Rb5 g4 61. Ra5 Ke6 62. Rb5 Rd5 63. Rb2 Ke5 64. Kg2 Ke4 65. Rb4+ Rd4 66. Rb5 Rd2+ 67. Kg1 Ra2 68. Rc5 Re2 69. Ra5 Rd2 70. Rb5 Rd5 71. Rb3 Rd3 72. Rb4+ Kf3 73. Rf4+ Kxg3 74. Rxf5 Rd1+ 0-1

[Event "Chessemy Open 2022"]
[Site "Reinstorf"]
[Date "2022.01.29"]
[Round "1.15"]
[White "Lubbe, Melanie"]
[Black "Hipler, Andreas"]
[Result "1-0"]
[WhiteElo "2297"]
[BlackElo "1803"]
[Annotator "TA"]
[PlyCount "37"]
[EventDate "2022.01.29"]
[EventType "swiss"]
[EventCountry "GER"]
[SourceTitle "playchess.com"]
[Source "ChessBase"]
[SourceQuality "1"]

1. e4 d5 2. exd5 Qxd5 3. Nc3 Qd6 4. d4 Nf6 5. Bc4 c6 6. Nge2 Bf5 7. O-O e6 8. Ng3 Bg6 9. f4 Bxc2 10. Qe2 Be7 11. Kh1 Bg6 12. Re1 Nd5 13. Bxd5 cxd5 14. f5 Bxf5 15. Nxf5 exf5 16. Bf4 Qe6 17. Qf3 Qd7 18. Bxb8 Rxb8 19. Nxd5 1-0

[Event "Chessemy Open 2022"]
[Site "Reinstorf"]
[Date "2022.01.29"]
[Round "1.16"]
[White "Laux, Dominik"]
[Black "Lehmann, Simon"]
[Result "1-0"]
[WhiteElo "2200"]
[BlackElo "1322"]
[Annotator "TA"]
[PlyCount "65"]
[EventDate "2022.01.29"]
[EventType "swiss"]
[EventCountry "GER"]
[SourceTitle "playchess.com"]
[Source "ChessBase"]
[SourceQuality "1"]

1. d4 d5 2. Bf4 Nf6 3. e3 Bf5 4. c4 e6 5. Nc3 c6 6. Qb3 Qb6 7. c5 Qxb3 8. axb3 Be7 9. b4 O-O 10. b5 Nbd7 11. h3 Ne4 12. Nf3 Bg6 13. bxc6 bxc6 14. Ba6 Nexc5 15. dxc5 Nxc5 16. Nd4 Nxa6 17. Nxc6 Nb4 18. Nxe7+ Kh8 19. Nxg6+ hxg6 20. Ke2 a6 21. Bd6 Nc2 22. Bxf8 Nxa1 23. Rxa1 Rxf8 24. Rxa6 Rb8 25. Ra2 Kg8 26. Kd3 Kf8 27. Kc2 Rb7 28. Ra4 Ke7 29. b4 g5 30. Kb3 f5 31. b5 Kd7 32. Kb4 g6 33. Ra6 1-0

[Event "Chessemy Open 2022"]
[Site "Reinstorf"]
[Date "2022.01.29"]
[Round "1.16"]
[White "Klemm, Robert"]
[Black "Baum, Jonasz"]
[Result "0-1"]
[WhiteElo "1793"]
[BlackElo "2287"]
[Annotator "TA"]
[PlyCount "48"]
[EventDate "2022.01.29"]
[EventType "swiss"]
[EventCountry "GER"]
[SourceTitle "playchess.com"]
[Source "ChessBase"]
[SourceQuality "1"]

1. d4 Nf6 2. Nf3 e6 3. g3 c5 4. Bg2 b6 5. O-O Bb7 6. c4 d5 7. cxd5 exd5 8. Nc3 Be7 9. Ne5 Nbd7 10. Qa4 cxd4 11. Nxd7 Qxd7 12. Qxd4 O-O 13. Bg5 h6 14. Bf4 Bc5 15. Qd2 d4 16. Bxb7 Qxb7 17. Na4 g5 18. Be5 Ne4 19. Qd3 Rfe8 20. Bxd4 Rad8 21. e3 g4 22. h4 gxh3 23. Qe2 Bxd4 24. exd4 Ng5 0-1

[Event "Chessemy Open 2022"]
[Site "Reinstorf"]
[Date "2022.01.29"]
[Round "1.17"]
[White "Pubantz, Jan"]
[Black "Launert, Martin"]
[Result "1-0"]
[WhiteElo "2286"]
[BlackElo "1790"]
[Annotator "TA"]
[PlyCount "55"]
[EventDate "2022.01.29"]
[EventType "swiss"]
[EventCountry "GER"]
[SourceTitle "playchess.com"]
[Source "ChessBase"]
[SourceQuality "1"]

1. d4 d5 2. c4 dxc4 3. Nf3 Nf6 4. e3 Bg4 5. Bxc4 e6 6. h3 Bh5 7. O-O c5 8. dxc5 Bxc5 9. Qxd8+ Kxd8 10. g4 Bg6 11. a3 Ke7 12. b4 Bb6 13. Bb2 Rd8 14. Nc3 Nbd7 15. Rfc1 Rac8 16. Bf1 Ne8 17. a4 f6 18. a5 Bc7 19. a6 b6 20. Nd4 Bd6 21. Ncb5 Nb8 22. Nxa7 Rxc1 23. Rxc1 Be4 24. Nc8+ Rxc8 25. Rxc8 Kd7 26. Rxe8 Kxe8 27. a7 Na6 28. Bxa6 1-0

[Event "Chessemy Open 2022"]
[Site "Reinstorf"]
[Date "2022.01.29"]
[Round "1.17"]
[White "Zhou, Leyi Charlotte"]
[Black "Zschiesing, Falk"]
[Result "0-1"]
[WhiteElo "1240"]
[BlackElo "1961"]
[Annotator "TA"]
[PlyCount "104"]
[EventDate "2022.01.29"]
[EventType "swiss"]
[EventCountry "GER"]
[SourceTitle "playchess.com"]
[Source "ChessBase"]
[SourceQuality "1"]

1. e4 d6 2. d4 Nf6 3. Nc3 e5 4. dxe5 dxe5 5. Qxd8+ Kxd8 6. Nf3 Bd6 7. Be3 Be6 8. O-O-O Nbd7 9. Bb5 a6 10. Bxd7 Nxd7 11. Rd2 f6 12. Rhd1 Kc8 13. a3 b5 14. h3 Bc4 15. Nd5 Kb7 16. Nh4 g6 17. g3 Rhf8 18. f4 Bxd5 19. Rxd5 Nb6 20. Bxb6 Kxb6 21. fxe5 Bxe5 22. g4 Rae8 23. Kb1 Bg3 24. Nf3 Rxe4 25. Nd2 Re2 26. Nf1 Bf4 27. R5d4 g5 28. h4 h6 29. hxg5 hxg5 30. R4d3 Rg2 31. Ne3 Bxe3 32. Rxe3 Rxg4 33. Re6+ Kb7 34. Rf1 f5 35. Re5 f4 36. Kc1 Rg2 37. Kd1 Rd8+ 38. Kc1 Rdd2 39. Rc5 Kb6 40. Rc3 Rd6 41. b3 Rc6 42. Rxc6+ Kxc6 43. Kd1 Kc5 44. Kc1 a5 45. Kb2 Rg3 46. c3 f3 47. Kc2 g4 48. Kd3 f2+ 49. Kd2 Rg2 50. Ke2 g3 51. Kf3 Rg1 52. Ke2 Kb6 0-1

[Event "Chessemy Open 2022"]
[Site "Reinstorf"]
[Date "2022.01.29"]
[Round "1.18"]
[White "Alquist, Erik"]
[Black "Sayas Payyappat"]
[Result "1-0"]
[WhiteElo "1965"]
[BlackElo "1223"]
[Annotator "TA"]
[PlyCount "71"]
[EventDate "2022.01.29"]
[EventType "swiss"]
[EventCountry "GER"]
[SourceTitle "playchess.com"]
[Source "ChessBase"]
[SourceQuality "1"]

1. d4 Nf6 2. c4 e6 3. Nf3 b6 4. g3 Bb4+ 5. Bd2 Bxd2+ 6. Qxd2 Bb7 7. Bg2 O-O 8. O-O c5 9. d5 exd5 10. cxd5 Bxd5 11. Nc3 Bb7 12. Rad1 Re8 13. Rfe1 Nc6 14. e4 d6 15. Qxd6 Qxd6 16. Rxd6 Rad8 17. Rxd8 Rxd8 18. e5 Nd5 19. Nb5 Ba8 20. a3 f6 21. exf6 gxf6 22. a4 a6 23. Na3 Kf7 24. Nc4 Ncb4 25. Nh4 Bc6 26. Be4 Bxa4 27. Bxh7 Bb5 28. Bg6+ Kf8 29. b3 Bxc4 30. bxc4 Ne7 31. Re6 Ng8 32. Rxb6 a5 33. Nf5 a4 34. Rb7 a3 35. Rf7+ Ke8 36. Ng7# 1-0

[Event "Chessemy Open 2022"]
[Site "Reinstorf"]
[Date "2022.01.29"]
[Round "1.18"]
[White "Kreusch, Frank"]
[Black "Schulze, Lara"]
[Result "0-1"]
[WhiteElo "1789"]
[BlackElo "2282"]
[Annotator "TA"]
[PlyCount "70"]
[EventDate "2022.01.29"]
[EventType "swiss"]
[EventCountry "GER"]
[SourceTitle "playchess.com"]
[Source "ChessBase"]
[SourceQuality "1"]

1. e4 e5 2. Nf3 Nc6 3. Nc3 Nf6 4. d4 exd4 5. Nd5 Nb4 6. Bc4 Nbxd5 7. exd5 Bb4+ 8. Bd2 Qe7+ 9. Qe2 Bxd2+ 10. Nxd2 Qxe2+ 11. Kxe2 b5 12. Bb3 Bb7 13. Nf3 Nxd5 14. Bxd5 Bxd5 15. Nxd4 O-O 16. f3 a6 17. Kf2 Rfe8 18. Rhe1 Kf8 19. Nf5 d6 20. Rad1 Rxe1 21. Kxe1 Be6 22. Nd4 Bd7 23. Kf2 a5 24. Rd2 b4 25. Ne2 Be6 26. b3 Ke7 27. Ke3 d5 28. f4 Kd6 29. Ng3 c5 30. f5 Bd7 31. Kf4 Re8 32. Re2 Rxe2 33. Nxe2 Bb5 34. Ng3 g6 35. Kg5 Ke5 0-1

[Event "Chessemy Open 2022"]
[Site "Reinstorf"]
[Date "2022.01.29"]
[Round "1.19"]
[White "Limper, Cornelia"]
[Black "Goh, Choon Keng Philip"]
[Result "0-1"]
[WhiteElo "1178"]
[BlackElo "1960"]
[Annotator "TA"]
[PlyCount "76"]
[EventDate "2022.01.29"]
[EventType "swiss"]
[EventCountry "GER"]
[SourceTitle "playchess.com"]
[Source "ChessBase"]
[SourceQuality "1"]

1. d4 d5 2. Bf4 Nf6 3. e3 e6 4. Nd2 Bd6 5. Bg5 Nbd7 6. Ngf3 O-O 7. Bd3 h6 8. Bh4 Re8 9. Bg3 Bxg3 10. hxg3 e5 11. dxe5 Nxe5 12. Be2 Bf5 13. Bb5 c6 14. Ba4 Qa5 15. Bb3 Bg4 16. O-O Rad8 17. Qc1 Ne4 18. Nxe4 dxe4 19. Nxe5 Qxe5 20. c3 Be2 21. Re1 Bd3 22. Bc2 Re6 23. a4 Red6 24. Rd1 Qh5 25. Bxd3 Rxd3 26. Rxd3 Rxd3 27. Qe1 Qd5 28. Qe2 Rd2 29. Qg4 f5 30. Qh5 Qf7 31. Qxf7+ Kxf7 32. Rb1 Ke6 33. Kf1 Kd5 34. Ke1 Rd3 35. Ke2 Kc4 36. f3 Kb3 37. a5 Kc2 38. Rh1 Rd2+ 0-1

[Event "Chessemy Open 2022"]
[Site "Reinstorf"]
[Date "2022.01.29"]
[Round "1.20"]
[White "Semling, Johannes"]
[Black "Niermann, Tristan"]
[Result "0-1"]
[WhiteElo "1765"]
[BlackElo "2263"]
[Annotator "TA"]
[PlyCount "100"]
[EventDate "2022.01.29"]
[EventType "swiss"]
[EventCountry "GER"]
[SourceTitle "playchess.com"]
[Source "ChessBase"]
[SourceQuality "1"]

1. e4 e5 2. Nf3 Nc6 3. Bb5 a6 4. Ba4 Nf6 5. O-O Nxe4 6. d4 b5 7. Bb3 d5 8. dxe5 Be6 9. Be3 Be7 10. Nbd2 Nc5 11. Bxc5 Bxc5 12. c3 O-O 13. Re1 Re8 14. Nf1 d4 15. a4 dxc3 16. Bxe6 Qxd1 17. Raxd1 Rxe6 18. axb5 axb5 19. bxc3 Ra2 20. Rd2 Ra3 21. Rb2 Rxc3 22. Rxb5 h6 23. N1d2 Rc2 24. Kf1 Bb4 25. Re2 Rc1+ 26. Re1 Bxd2 27. Nxd2 Rxe1+ 28. Kxe1 Rxe5+ 29. Rxe5 Nxe5 30. Ke2 Kf8 31. f4 Ng4 32. h3 Nf6 33. Ke3 Ke7 34. Kd4 Ke6 35. g4 g6 36. Nc4 Nd7 37. Ne3 c5+ 38. Kc4 g5 39. f5+ Ke5 40. Nd5 Kd6 41. Nc3 Ne5+ 42. Kb5 Nd3 43. Ne4+ Kd5 44. Nf6+ Kd4 45. Ng8 c4 46. Ka4 Nc5+ 47. Ka3 c3 48. Nxh6 c2 49. Kb2 Kd3 50. Nxf7 Kd2 0-1

[Event "Chessemy Open 2022"]
[Site "Reinstorf"]
[Date "2022.01.29"]
[Round "1.21"]
[White "Richter, Nils"]
[Black "Wagner, Frank"]
[Result "1-0"]
[WhiteElo "2270"]
[BlackElo "1948"]
[Annotator "TA"]
[PlyCount "83"]
[EventDate "2022.01.29"]
[EventType "swiss"]
[EventCountry "GER"]
[SourceTitle "playchess.com"]
[Source "ChessBase"]
[SourceQuality "1"]

1. c4 e5 2. Nc3 Nf6 3. Nf3 d6 4. g3 Be7 5. Bg2 O-O 6. d4 exd4 7. Nxd4 Nbd7 8. O-O Ne5 9. b3 Rb8 10. Bb2 Bd7 11. Qd2 Qc8 12. Nd5 Nxd5 13. cxd5 c5 14. dxc6 bxc6 15. f4 Ng4 16. e4 c5 17. Ne2 Qa6 18. Nc3 Bf6 19. e5 Be7 20. Nd5 Bd8 21. exd6 Kh8 22. h3 Nh6 23. g4 f6 24. Nc7 Qb6 25. Rad1 c4+ 26. Bd4 Qxd6 27. Bxa7 Qxd2 28. Rxd2 Bxc7 29. Bxb8 Rxb8 30. Rxd7 Bb6+ 31. Kh1 c3 32. Rb7 Rxb7 33. Bxb7 Nf7 34. Kg2 Nd6 35. Bc6 Be3 36. Kf3 Bd2 37. Ke2 f5 38. Kd3 Kg8 39. a4 Ne4 40. Bxe4 fxe4+ 41. Kxe4 c2 42. a5 1-0

[Event "Chessemy Open 2022"]
[Site "Reinstorf"]
[Date "2022.01.29"]
[Round "1.21"]
[White "Reuter, Maximilian"]
[Black "Nguyen, Bach Khoi"]
[Result "1-0"]
[WhiteElo "1933"]
[BlackElo "1086"]
[Annotator "TA"]
[PlyCount "120"]
[EventDate "2022.01.29"]
[EventType "swiss"]
[EventCountry "GER"]
[SourceTitle "playchess.com"]
[Source "ChessBase"]
[SourceQuality "1"]

1. d4 Nf6 2. Bf4 e6 3. e3 d5 4. Nf3 c5 5. Nbd2 Nc6 6. c3 Be7 7. Bd3 O-O 8. h4 Bd6 9. Ne5 Bxe5 10. dxe5 Nd7 11. Nf3 Re8 12. h5 h6 13. Qe2 Qc7 14. Bb1 b6 15. g4 f6 16. exf6 e5 17. f7+ Kxf7 18. Bg6+ Kf8 19. Bxe8 exf4 20. Bg6 Nde5 21. Nxe5 Nxe5 22. O-O-O Bxg4 23. Qd2 Bxd1 24. Rxd1 Rd8 25. Bh7 f3 26. Qc2 Qf7 27. e4 d4 28. cxd4 cxd4 29. Kb1 Qc4 30. Qd2 Qf7 31. Qb4+ Qe7 32. Qb3 Nf7 33. Qxf3 Qd7 34. a3 Qe7 35. Rd2 Qd7 36. Rd3 Qe7 37. Ka1 Qf6 38. Qd1 Qe5 39. f4 Qd6 40. e5 Qd5 41. Qe1 Qe6 42. Qb4+ Qe7 43. Rxd4 Qxb4 44. Rxb4 Ke7 45. Rc4 Rd7 46. Bf5 Rb7 47. Bc8 Rb8 48. Rc7+ Ke8 49. Bf5 Kf8 50. Rxa7 b5 51. Ka2 b4 52. a4 b3+ 53. Ka3 Nd8 54. Be4 Rc8 55. Ra8 Rxa8 56. Bxa8 Ne6 57. a5 Nc7 58. Bb7 Ke7 59. a6 Nxa6 60. Bxa6 Kd8 1-0

[Event "Chessemy Open 2022"]
[Site "Reinstorf"]
[Date "2022.01.29"]
[Round "1.22"]
[White "Linnemann, Caspar"]
[Black "Sreyas Payyappat"]
[Result "0-1"]
[WhiteElo "1754"]
[BlackElo "2250"]
[Annotator "TA"]
[PlyCount "44"]
[EventDate "2022.01.29"]
[EventType "swiss"]
[EventCountry "GER"]
[SourceTitle "playchess.com"]
[Source "ChessBase"]
[SourceQuality "1"]

1. e4 c6 2. d4 d5 3. Nd2 dxe4 4. Nxe4 Nf6 5. Nxf6+ exf6 6. Bf4 Bd6 7. Bxd6 Qxd6 8. c3 O-O 9. Bd3 c5 10. dxc5 Qxc5 11. Ne2 Nc6 12. Qc2 Bg4 13. O-O g6 14. Ng3 Ne5 15. Be2 Bxe2 16. Nxe2 Rfe8 17. Nd4 Re7 18. Rad1 Rae8 19. h3 Nc6 20. Nxc6 Qxc6 21. Rd2 Qc4 22. b3 Qxf1+ 0-1

[Event "Chessemy Open 2022"]
[Site "Reinstorf"]
[Date "2022.01.29"]
[Round "1.23"]
[White "Hoffmann, Hendrik"]
[Black "Bonatis, Reiner"]
[Result "1-0"]
[WhiteElo "2245"]
[BlackElo "1713"]
[Annotator "TA"]
[PlyCount "77"]
[EventDate "2022.01.29"]
[EventType "swiss"]
[EventCountry "GER"]
[SourceTitle "playchess.com"]
[Source "ChessBase"]
[SourceQuality "1"]

1. e4 c5 2. Nf3 d6 3. d4 cxd4 4. Nxd4 a6 5. c4 Nf6 6. Nc3 g6 7. Be2 Bg7 8. O-O O-O 9. Be3 Nc6 10. Nc2 Bd7 11. f3 Rc8 12. Qd2 Ne5 13. Na3 Re8 14. b4 Be6 15. Nd5 Nxd5 16. cxd5 Bd7 17. Rac1 b5 18. h3 Rxc1 19. Rxc1 f5 20. Nc2 Qb8 21. exf5 Bxf5 22. Nd4 Bd7 23. f4 Nf7 24. Nc6 Qb7 25. Bf3 Nd8 26. Qf2 Bf6 27. Na5 Qa8 28. Rc7 Bc8 29. Ra7 Qb8 30. Nc6 Nxc6 31. dxc6 Be6 32. c7 Qc8 33. Bb6 d5 34. Qc5 Qd7 35. Rb7 Qd6 36. Qxd6 exd6 37. Rb8 Rc8 38. Bxd5 Re8 39. Bf3 1-0

[Event "Chessemy Open 2022"]
[Site "Reinstorf"]
[Date "2022.01.29"]
[Round "1.24"]
[White "Werther, Jens"]
[Black "Kugler, Florian"]
[Result "0-1"]
[WhiteElo "1699"]
[BlackElo "2222"]
[Annotator "TA"]
[PlyCount "88"]
[EventDate "2022.01.29"]
[EventType "swiss"]
[EventCountry "GER"]
[SourceTitle "playchess.com"]
[Source "ChessBase"]
[SourceQuality "1"]

1. d4 Nf6 2. Nf3 g6 3. Bf4 Bg7 4. e3 d5 5. Be2 c5 6. c3 Nc6 7. h3 O-O 8. O-O b6 9. Nbd2 Bb7 10. Ne5 Nd7 11. Nxc6 Bxc6 12. Nf3 Re8 13. Qc2 Qc8 14. Rac1 Qb7 15. Rfd1 Rac8 16. Qd2 a5 17. b3 e6 18. a3 Bf8 19. b4 Ba4 20. Rf1 c4 21. Rb1 Ra8 22. Qb2 Bb3 23. Bd1 axb4 24. axb4 Ra2 25. Qc1 Bxd1 26. Rxd1 Rea8 27. Ne5 f5 28. Nxd7 Qxd7 29. Rb2 R2a3 30. Qc2 R8a7 31. Bb8 Ra8 32. Be5 b5 33. Rc1 R8a6 34. Qe2 Ra1 35. Rbc2 Qa7 36. Rxa1 Rxa1+ 37. Kh2 Qa4 38. f3 Qb3 39. e4 dxe4 40. fxe4 Qb1 41. d5 Qg1+ 42. Kg3 Re1 43. Qd2 Re3+ 44. Kf4 Bh6# 0-1

[Event "Chessemy Open 2022"]
[Site "Reinstorf"]
[Date "2022.01.29"]
[Round "1.25"]
[White "Hommer, Jeremy"]
[Black "Wilmink, Anna"]
[Result "1-0"]
[WhiteElo "2220"]
[BlackElo "1696"]
[Annotator "TA"]
[PlyCount "73"]
[EventDate "2022.01.29"]
[EventType "swiss"]
[EventCountry "GER"]
[SourceTitle "playchess.com"]
[Source "ChessBase"]
[SourceQuality "1"]

1. d4 Nf6 2. Bf4 d5 3. e3 c5 4. c3 Nc6 5. Nd2 e6 6. Bd3 Be7 7. h3 O-O 8. Ngf3 a6 9. O-O b5 10. a3 Qb6 11. Qe2 Bb7 12. Ne5 Rad8 13. Bg5 Qc7 14. f4 c4 15. Bc2 a5 16. g4 b4 17. axb4 axb4 18. Bxf6 Bxf6 19. g5 Bxe5 20. fxe5 b3 21. Bb1 Ne7 22. Qh5 g6 23. Qh6 Nf5 24. Bxf5 exf5 25. Rf4 Kh8 26. Rh4 f6 27. gxf6 g5 28. Rh5 Rg8 29. Nf3 Rd7 30. Nxg5 Bc6 31. Kh2 Bb7 32. Rg1 Bc6 33. f7 Rxf7 34. Nxf7+ Qxf7 35. Rxg8+ Kxg8 36. Rg5+ Kh8 37. Qxc6 1-0

[Event "Chessemy Open 2022"]
[Site "Reinstorf"]
[Date "2022.01.29"]
[Round "1.26"]
[White "Bauer, Dieter"]
[Black "Redzisz, Michal"]
[Result "0-1"]
[WhiteElo "1670"]
[BlackElo "2261"]
[Annotator "TA"]
[PlyCount "86"]
[EventDate "2022.01.29"]
[EventType "swiss"]
[EventCountry "GER"]
[SourceTitle "playchess.com"]
[Source "ChessBase"]
[SourceQuality "1"]

1. c4 e5 2. g3 d6 3. Bg2 f5 4. d3 Nf6 5. Nc3 Be7 6. e3 O-O 7. Nge2 c6 8. O-O Be6 9. f4 Nbd7 10. b3 Qc7 11. Bb2 Rae8 12. Rc1 Qb6 13. Qd2 Ng4 14. d4 Bf6 15. Na4 Qa6 16. Nac3 Nxe3 17. Qxe3 exd4 18. Nxd4 Bxc4 19. Qd2 Bxf1 20. Rxf1 g6 21. Kh1 Nc5 22. Rd1 Ne4 23. Nxe4 fxe4 24. Ne2 Qxa2 25. Bxf6 Qxd2 26. Rxd2 Rxf6 27. g4 d5 28. Kg1 Kf8 29. b4 Ke7 30. g5 Rf7 31. b5 Kd6 32. bxc6 bxc6 33. Ra2 Rb8 34. Kf2 Rb3 35. Ra6 Rb6 36. Ra2 Rfb7 37. Rd2 Rb2 38. Rd1 a5 39. Bxe4 Rxe2+ 40. Kxe2 Re7 41. Kf3 Rxe4 42. h4 a4 43. f5 gxf5 0-1

[Event "Chessemy Open 2022"]
[Site "Reinstorf"]
[Date "2022.01.29"]
[Round "1.27"]
[White "Himpenmacher, Andy"]
[Black "Cordsen, Heinrich"]
[Result "1-0"]
[WhiteElo "2191"]
[BlackElo "1685"]
[Annotator "TA"]
[PlyCount "77"]
[EventDate "2022.01.29"]
[EventType "swiss"]
[EventCountry "GER"]
[SourceTitle "playchess.com"]
[Source "ChessBase"]
[SourceQuality "1"]

1. d4 e6 2. Nf3 Nf6 3. Bf4 b6 4. e3 Bb7 5. Bd3 d5 6. O-O Bd6 7. Nbd2 O-O 8. c3 Bxf4 9. exf4 c5 10. Re1 Qd6 11. g3 Nc6 12. a3 cxd4 13. Nxd4 Nxd4 14. cxd4 g6 15. h4 Kg7 16. Qe2 Rfc8 17. Kg2 Rc7 18. Nf1 Rac8 19. Ne3 Bc6 20. f5 e5 21. fxg6 hxg6 22. dxe5 Qe6 23. exf6+ Qxf6 24. Ng4 d4+ 25. f3 Qd6 26. Qe5+ Qxe5 27. Rxe5 Bd7 28. h5 Rc1 29. Rxc1 Rxc1 30. h6+ Kf8 31. Nf6 Be6 32. Nh7+ Kg8 33. Ng5 Rd1 34. Nxe6 fxe6 35. Bxg6 d3 36. Rxe6 Rd2+ 37. Kh3 Re2 38. Rd6 d2 39. Rd8+ 1-0

[Event "Chessemy Open 2022"]
[Site "Reinstorf"]
[Date "2022.01.29"]
[Round "1.29"]
[White "Wronn, Bernd"]
[Black "Cordts, Elof"]
[Result "1-0"]
[WhiteElo "2178"]
[BlackElo "1676"]
[Annotator "TA"]
[PlyCount "137"]
[EventDate "2022.01.29"]
[EventType "swiss"]
[EventCountry "GER"]
[SourceTitle "playchess.com"]
[Source "ChessBase"]
[SourceQuality "1"]

1. Nf3 c5 2. c4 Nf6 3. d4 cxd4 4. Nxd4 Nc6 5. Nc3 Nxd4 6. Qxd4 e6 7. e4 d6 8. Be2 Be7 9. Be3 a6 10. O-O O-O 11. Na4 Nd7 12. Rfd1 Qc7 13. Rac1 Nc5 14. Nc3 Bd7 15. Qd2 Rfd8 16. f3 Bc6 17. b4 Na4 18. Nd5 Qd7 19. Nxe7+ Qxe7 20. Bg5 f6 21. Bf4 e5 22. Be3 Be8 23. Qc2 Rac8 24. Qb3 Kh8 25. Rc2 a5 26. a3 b6 27. Rcd2 h6 28. c5 bxc5 29. bxa5 c4 30. Bxc4 Nc5 31. Bxc5 Rxc5 32. a6 Qc7 33. Be2 Rb8 34. Qe6 Rc2 35. Rxc2 Qxc2 36. Qc4 Qb2 37. Bf1 Qb6+ 38. Kh1 Bb5 39. Qxb5 Qxb5 40. Bxb5 Rxb5 41. Kg1 Rb6 42. a7 Ra6 43. Rxd6 Rxa7 44. Rd3 Kg8 45. Kf2 Kf7 46. Ke2 Ke6 47. Kd2 f5 48. Kc2 fxe4 49. fxe4 Ra4 50. Re3 Kd6 51. Kb3 Rd4 52. h4 Kc6 53. h5 Kb5 54. Rg3 Rxe4 55. Rxg7 Rh4 56. g4 e4 57. a4+ Ka5 58. Kc4 e3 59. Kd3 Rh3 60. Ra7+ Kb6 61. Rh7 Ka5 62. Rxh6 Kxa4 63. Re6 e2+ 64. Kxe2 Kb5 65. Kf2 Kc5 66. Kg2 Rh4 67. Kg3 Rh1 68. Kf4 Kd5 69. Re8 1-0

[Event "Chessemy Open 2022"]
[Site "Reinstorf"]
[Date "2022.01.29"]
[Round "1.30"]
[White "Wraga, Hermann"]
[Black "Koellner, Aaron Noah"]
[Result "0-1"]
[WhiteElo "1674"]
[BlackElo "2155"]
[Annotator "TA"]
[PlyCount "84"]
[EventDate "2022.01.29"]
[EventType "swiss"]
[EventCountry "GER"]
[SourceTitle "playchess.com"]
[Source "ChessBase"]
[SourceQuality "1"]

1. e4 c5 2. Nc3 e6 3. g3 d5 4. Bg2 d4 5. Nb1 Nc6 6. d3 Bd6 7. Nf3 Nge7 8. O-O O-O 9. Re1 f6 10. a4 Rb8 11. Na3 a6 12. Nc4 Bc7 13. a5 Nxa5 14. Ncd2 Nac6 15. Nb3 b6 16. Bd2 Bd6 17. Qe2 Qc7 18. Ra2 Ng6 19. Qf1 a5 20. Rc1 Bb7 21. Be1 Rbe8 22. Kh1 f5 23. Nbd2 b5 24. Raa1 h5 25. Qe2 h4 26. Nf1 hxg3 27. fxg3 a4 28. Kg1 Nce5 29. N1d2 Ng4 30. Nf1 N6e5 31. Nxe5 Nxe5 32. h3 f4 33. gxf4 Rxf4 34. Bg3 Rf6 35. Nd2 Nf3+ 36. Nxf3 Bxg3 37. e5 Rg6 38. Kh1 Rf8 39. Rf1 Bxe5 40. Qxe5 Qxe5 41. Nxe5 Rxf1+ 42. Rxf1 Rxg2 0-1

[Event "Chessemy Open 2022"]
[Site "Reinstorf"]
[Date "2022.01.29"]
[Round "1.31"]
[White "Kardoeus, David"]
[Black "Schomann, Michael"]
[Result "1-0"]
[WhiteElo "2169"]
[BlackElo "1668"]
[Annotator "TA"]
[PlyCount "51"]
[EventDate "2022.01.29"]
[EventType "swiss"]
[EventCountry "GER"]
[SourceTitle "playchess.com"]
[Source "ChessBase"]
[SourceQuality "1"]

1. e4 c5 2. Nf3 d6 3. d4 cxd4 4. Nxd4 Nf6 5. Nc3 a6 6. Bg5 e5 7. Nf5 Bxf5 8. exf5 Be7 9. g4 Nc6 10. Bg2 Rc8 11. Bxf6 Bxf6 12. Nd5 Qa5+ 13. c3 Bh4 14. Be4 Qb5 15. Qf3 Ne7 16. O-O-O Bg5+ 17. Kb1 Nxd5 18. Rxd5 Qb6 19. h4 Be7 20. g5 Qd8 21. Rhd1 f6 22. Qh5+ Kd7 23. Qf7 Kc7 24. Rxd6 Qxd6 25. Rxd6 Kxd6 26. Qe6+ 1-0

[Event "Chessemy Open 2022"]
[Site "Reinstorf"]
[Date "2022.01.29"]
[Round "1.32"]
[White "Nemitz, Alfred"]
[Black "Ramme, Christoph"]
[Result "0-1"]
[WhiteElo "1655"]
[BlackElo "2140"]
[Annotator "TA"]
[PlyCount "114"]
[EventDate "2022.01.29"]
[EventType "swiss"]
[EventCountry "GER"]
[SourceTitle "playchess.com"]
[Source "ChessBase"]
[SourceQuality "1"]

1. d4 Nf6 2. c4 e6 3. Nc3 Bb4 4. Qc2 O-O 5. Nf3 d5 6. cxd5 exd5 7. Bg5 Nbd7 8. e3 c5 9. a3 Qa5 10. Rc1 Bxc3+ 11. Qxc3 Qxc3+ 12. bxc3 c4 13. Be2 Ne4 14. Bf4 Re8 15. Nd2 Nxd2 16. Kxd2 Nf6 17. f3 b5 18. g4 Bb7 19. h4 Nd7 20. Bd1 Re6 21. Bc2 Nf8 22. Rhe1 Rae8 23. Rb1 Bc6 24. Bf5 R6e7 25. Bd6 Rb7 26. e4 dxe4 27. Bxe4 Bxe4 28. fxe4 a6 29. a4 Re6 30. Bg3 Rg6 31. g5 h6 32. Bf4 hxg5 33. Bxg5 f6 34. Be3 Rg2+ 35. Re2 Rg3 36. axb5 axb5 37. Bf2 Rd3+ 38. Kc2 Rh3 39. e5 fxe5 40. dxe5 Ne6 41. Rd2 Nf4 42. Rbd1 Nd3 43. Rxd3 cxd3+ 44. Rxd3 Rh2 45. Rd2 Rf7 46. Be3 Rxd2+ 47. Kxd2 Re7 48. Bf4 Kf7 49. Kd3 Ke6 50. Kd4 Rc7 51. Bg3 Rc4+ 52. Kd3 Rg4 53. Bf2 g6 54. Ke3 Kxe5 55. Kf3 Rf4+ 56. Ke3 Rc4 57. Kd3 Kf4 0-1

[Event "Chessemy Open 2022"]
[Site "Reinstorf"]
[Date "2022.01.29"]
[Round "1.33"]
[White "Budzyn, Matthias"]
[Black "Schoell, Tobias"]
[Result "1-0"]
[WhiteElo "2139"]
[BlackElo "1635"]
[Annotator "TA"]
[PlyCount "73"]
[EventDate "2022.01.29"]
[EventType "swiss"]
[EventCountry "GER"]
[SourceTitle "playchess.com"]
[Source "ChessBase"]
[SourceQuality "1"]

1. e4 e5 2. Nf3 Nc6 3. Bb5 a6 4. Ba4 b5 5. Bb3 Bb7 6. d3 Nf6 7. c3 Bc5 8. O-O d6 9. d4 Bb6 10. Re1 O-O 11. Be3 Re8 12. d5 Ne7 13. Bxb6 cxb6 14. Nbd2 Ng6 15. Nf1 Rc8 16. Ng3 Rc5 17. Re3 Qd7 18. h3 Rec8 19. Ne1 h6 20. Nd3 R5c7 21. Rf3 Nh7 22. Nf5 Ne7 23. Nxe5 Qd8 24. Nxf7 Kxf7 25. Nxd6+ Kg8 26. Nxc8 Rxc8 27. d6+ Kh8 28. Rf7 Nc6 29. Rxb7 Nf6 30. Be6 Ra8 31. Rc7 Ne5 32. Qd4 Ng6 33. e5 Ne8 34. Rf7 Qg5 35. f4 Qg3 36. Qf2 Qd3 37. Bf5 1-0